| 000 -LEADER |
| fixed length control field |
01083nam a22003018i 4500 |
| 001 - CONTROL NUMBER |
| control field |
ocm000042247112 |
| 003 - CONTROL NUMBER IDENTIFIER |
| control field |
CaOOAMICUS |
| 005 - DATE AND TIME OF LATEST TRANSACTION |
| control field |
20230116113744.0 |
| 008 - FIXED-LENGTH DATA ELEMENTS--GENERAL INFORMATION |
| fixed length control field |
141128t20142013onca j 000 1 eng d |
| 020 ## - INTERNATIONAL STANDARD BOOK NUMBER |
| International Standard Book Number |
9781771470773 |
| 040 ## - CATALOGING SOURCE |
| Original cataloging agency |
CaOONL |
| Language of cataloging |
eng |
| Description conventions |
rda |
| Transcribing agency |
CaOONL |
| Modifying agency |
CaOL |
| -- |
KH8 |
| 082 ## - DEWEY DECIMAL CLASSIFICATION NUMBER |
| Classification number |
843.92 MAN |
| 100 1# - MAIN ENTRY--PERSONAL NAME |
| Personal name |
Manceau, Édouard, |
| Dates associated with a name |
1969- |
| Relator term |
author. |
| 245 10 - TITLE STATEMENT |
| Title |
Hatch, little egg / |
| Statement of responsibility, etc. |
Édouard Manceau ; translated by Karen Li. |
| 264 #1 - PRODUCTION, PUBLICATION, DISTRIBUTION, MANUFACTURE, AND COPYRIGHT NOTICE |
| Place of production, publication, distribution, manufacture |
Toronto : |
| Name of producer, publisher, distributor, manufacturer |
Owlkids Books Inc., |
| Date of production, publication, distribution, manufacture, or copyright notice |
2014. |
| 264 #4 - PRODUCTION, PUBLICATION, DISTRIBUTION, MANUFACTURE, AND COPYRIGHT NOTICE |
| Date of production, publication, distribution, manufacture, or copyright notice |
©2013. |
| 300 ## - PHYSICAL DESCRIPTION |
| Extent |
1 volume (unpaged) : |
| Other physical details |
colour illustrations ; |
| Dimensions |
25 cm. |
| 336 ## - CONTENT TYPE |
| Content type term |
text |
| Source |
rdacontent. |
| 336 ## - CONTENT TYPE |
| Content type term |
still image |
| Source |
rdacontent. |
| 337 ## - MEDIA TYPE |
| Media type term |
unmediated |
| Source |
rdacontent. |
| 338 ## - CARRIER TYPE |
| Carrier type term |
volume |
| Source |
rdacarrier. |
| 500 ## - GENERAL NOTE |
| General note |
Translation of: Le petit oiseau va sortir ... . |
| 520 ## - SUMMARY, ETC. |
| Summary, etc. |
As everyone rushes to see the little bird hatch from his egg, they are greeted by a surprise when a pig is inside the egg instead. |
| 650 #0 - SUBJECT ADDED ENTRY--TOPICAL TERM |
| Topical term or geographic name entry element |
Birds |
| Form subdivision |
Juvenile fiction. |
| 650 #0 - SUBJECT ADDED ENTRY--TOPICAL TERM |
| Topical term or geographic name entry element |
Eggs |
| Form subdivision |
Juvenile fiction. |
| 650 #0 - SUBJECT ADDED ENTRY--TOPICAL TERM |
| Topical term or geographic name entry element |
Swine |
| Form subdivision |
Juvenile fiction. |
| 942 ## - ADDED ENTRY ELEMENTS (KOHA) |
| Source of classification or shelving scheme |
|
| Koha item type |
Books - Non Ficton |